[Event "Orsha op-A 22nd"]
[Site "Orsha"]
[Date "2024.01.28"]
[Round "9"]
[White "Nesterov, Ivan"]
[Black "Denishev, Marat"]
[Result "0-1"]
[WhiteElo "1942"]
[BlackElo "2172"]
[PlyCount "116"]
[EventDate "2024.01.22"]
[EventType "swiss"]
[EventRounds "9"]
[EventCountry "BLR"]
[SourceTitle "CBM 218 Extra"]
[Source "ChessBase"]
[SourceDate "2024.03.31"]
[SourceVersion "1"]
[SourceVersionDate "2024.03.31"]
[SourceQuality "1"]

1. e4 Nf6 2. e5 Nd5 3. d4 d6 4. Nf3 dxe5 5. Nxe5 c6 6. Bc4 g6 7. 0-0 Bg7 8. Qe2 0-0 9. Bb3 Nd7 10. Rd1 Nxe5 11. dxe5 Qc7 12. c4 Nb6 13. Bf4 Be6 14. Nc3 Rad8 15. c5 Nd5 16. Bxd5 Bxd5 17. Nxd5 Rxd5 18. Rxd5 cxd5 19. Qe3 Qc6 20. Qd4 Rc8 21. Rc1 e6 22. h3 Bf8 23. Be3 Qa6 24. a4 b6 25. cxb6 Rxc1+ 26. Bxc1 axb6 27. Be3 Bc5 28. Qh4 Qa8 29. Bd4 h6 30. b3 g5 31. Qg4 Qa5 32. g3 Qd2 33. Bxc5 bxc5 34. f4 Qe3+ 35. Kg2 Qxb3 36. fxg5 h5 37. Qf4 c4 38. g6 Qc2+ 39. Kg1 Qxg6 40. a5 Qb1+ 41. Kg2 Qa2+ 42. Kg1 Qxa5 43. Qg5+ Kf8 44. Qh6+ Ke8 45. Qh8+ Kd7 46. Qf8 Qe1+ 47. Kg2 Qe2+ 48. Kg1 Qxe5 49. Qxf7+ Kc6 50. Qe8+ Kc5 51. Qe7+ Kd4 52. Qa7+ Kd3 53. Qa3+ c3 54. Qa6+ Kd2 55. Qa5 Qxg3+ 56. Kh1 Qxh3+ 57. Kg1 Qe3+ 58. Kg2 d4 0-1